| 000 | 00000nas 2200000zi 4500 |
| 001 | 9.906931 |
| 003 | CaOODSP |
| 005 | 20221107181245 |
| 006 | m o d f |
| 007 | cr ||||||||||| |
| 008 | 220114d19851996onc x m o f0###|0eng|d |
| 022 | |y0822-210X |
| 040 | |aCaOODSP|beng|erda|cCaOODSP |
| 043 | |an-cn-on |
| 086 | 1 |aFo46-14E-PDF |
| 130 | 0 |aInformation report (Great Lakes Forestry Centre) |
| 222 | 0|aInformation report - Great Lakes Forestry Centre |
| 245 | 10|aInformation report / |cGreat Lakes Forestry Centre, Canadian Forestry Service. |
| 264 | 1|aSault Ste. Marie, Ontario : |bGreat Lakes Forestry Centre, Canadian Forestry Service, |c1985-[1996?] |
| 310 | |aIrregular |
| 336 | |atext|btxt|2rdacontent |
| 337 | |acomputer|bc|2rdamedia |
| 338 | |aonline resource|bcr|2rdacarrier |
| 362 | 1 |aBegan with: O-X-371. |
| 500 | |aDigitized edition from print [produced by Natural Resources Canada]. |
| 515 | |aIn 1997, numbering O-X- stops and numbering GLC-X- begins. |
| 530 | |aIssued also in paper format. |
| 650 | 0|aForests and forestry|zCanada. |
| 650 | 6|aForesterie|zCanada. |
| 710 | 2 |aGreat Lakes Forestry Centre, |eissuing body. |
| 776 | 0#|tInformation report. O-X series / |w(CaOODSP)9.514661 |
| 785 | 00|tInformation report |w(CaOODSP)9.505580 |